000 00609nam a22002297a 4500
999 _c5602
_d5602
001 5602
003 BD-JhCC
005 20171218190532.0
008 171218s1984 usaa|||| ||a| 000 0 eng d
020 _a039531433X
035 _a(BD-JhCC)5602
040 _aBD-JhCC
_dBD-JhCC
041 _aeng
082 _a425
_bCRE 1984
100 _aCrellin, David W
245 _aHoughton Mifflin English Grammar and Composition /
_cDavid W Crellin
260 _aBoston :
_bHoughton Mifflin Company,
_c1984.
300 _a78 p. :
_c28 cm.
650 _aGrammar
_xEnglish Language
942 _2ddc
_cBK